Catálogo

UNDERSTANDING BEHAVIORS FOR EFFECTIVE LEADERSHIP (Registro nro. 45569)

Detalles MARC
000 -LEADER
fixed length control field 01002nam a2200205 a 4500
001 - CONTROL NUMBER
control field 45569
005 - DATE AND TIME OF LATEST TRANSACTION
control field 20180714024820.0
008 - FIXED-LENGTH DATA ELEMENTS--GENERAL INFORMATION
fixed length control field 140415s2001 000 0 eng d
020 ## - INTERNATIONAL STANDARD BOOK NUMBER
International Standard Book Number 0130284033
041 ## - LANGUAGE CODE
Language code of text/sound track or separate title eng
082 ## - DEWEY DECIMAL CLASSIFICATION NUMBER
Classification number 158.7
Item number HOW
100 1# - MAIN ENTRY--PERSONAL NAME
Personal name HOWELL, JON P.
245 10 - TITLE STATEMENT
Title UNDERSTANDING BEHAVIORS FOR EFFECTIVE LEADERSHIP
250 ## - EDITION STATEMENT
Edition statement 1a ed.
260 ## - PUBLICATION, DISTRIBUTION, ETC.
Place of publication, distribution, etc. [s.l.] :
Name of publisher, distributor, etc. PRENTICE-HALL, INC.,
Date of publication, distribution, etc. 2001
300 ## - PHYSICAL DESCRIPTION
Extent 521
Dimensions 17.8 x 1.85 x 23.2
520 ## - SUMMARY, ETC.
Summary, etc. THE BASIC PREMISE OF THIS BOOK IS WE KNOW OUR LEADERS BY WHAT THEY DO. LEADERS DEMONSTRATE THEIR COMPETENCE BY SETTING WORTHWHILE AND CHALLENGING WITH FOLLOWERS, BY SHOWING CONFIDENCE IN FOLLOWERS AND SUPPORTING THEIR EFFORTS TO PERFORM WELL AND TO IMPROVE THEMSELVES, AND BY GIVING RECOGNITION TO FOLLOWERS WHEN THEY DO A JOB WELL. WE EXPECT OUR LEADERS TO PERFORM THESE AND OTHER IMPORTANT LEADER SHIP BEHAVIORS.
650 14 - SUBJECT ADDED ENTRY--TOPICAL TERM
Topical term or geographic name entry element COMPORTAMIENTO ORGANIZACIONAL
General subdivision PSICOLOGIA INDUSTRIAL
700 1# - ADDED ENTRY--PERSONAL NAME
Personal name COSTLEY, DAN L.
Relator term coaut.
Existencias
Withdrawn status Lost status Source of classification or shelving scheme Damaged status Not for loan Collection code Home library Current library Shelving location Date acquired Source of acquisition Inventory number Total Checkouts Full call number Barcode Date last seen Price effective from Koha item type Date last checked out
    Dewey Decimal Classification     General Biblioteca Karol Wojtyla Biblioteca Karol Wojtyla Sala general 03/12/2013 Compra 151000000000000000063372   158.7 HOW 68450 05/01/2026 03/12/2013 Libro  
    Dewey Decimal Classification     General Biblioteca Karol Wojtyla Biblioteca Karol Wojtyla Sala general 03/12/2013 Compra 151000000000000000063374 1 158.7 HOW 69652 05/01/2026 03/12/2013 Libro 05/09/2022
    Dewey Decimal Classification     General Biblioteca Karol Wojtyla Biblioteca Karol Wojtyla Sala general 03/12/2013 Compra 151000000000000000063373   158.7 HOW 69074 05/01/2026 03/12/2013 Libro